Statistics for Iroh Quotes

Click here to take the quiz!

General Stats

  • This quiz has been taken 46 times
  • The average score is 7 of 15

Answer Stats

Quote% Correct
"Did I ever tell you how I got the nickname 'The {Dragon} of the West'?"
94%
"It's time for you to look inward and start asking yourself the big question: {who} {are} {you} and what do you want?"
85%
"Please, sit. Why don't you enjoy a cup of calming {jasmine} {tea}?"
74%
"{Leaves} {from} {the} {vine}... falling so slow."
62%
Who would have thought that, after all these years, I would return to the scene of my greatest military disgrace…as a {tourist}!”
62%
"Sharing tea with a fascinating {stranger} is one of life’s true delights."
53%
"{Life} happens wherever you are, whether you make it or not"
50%
"Perfection and power are overrated. I think you are very wise to choose happiness and {love}."
50%
"Bleh! This is nothing more than {hot} {leaf} {juice}!"
35%
"The stomach is the source of energy in your body. It is called the sea of chi. Only in my case, it is more like a {vast} {ocean}!"
35%
"Pride is not the opposite of {shame}, but its source. True humility is the only antidote to {shame}."
32%
"A man needs his {rest}."
26%
""Be careful what you wish for, Admiral. {History} is not always kind to its subjects."
24%
"In the darkest times, hope is something you give yourself. That is the meaning of {inner} {strength}."
21%
"While it is always best to believe in oneself, a little help from others can be a {great} {blessing}."
21%

Score Distribution

Percentile by Number Answered

Percent of People with Each Score

Your Score History

You have not taken this quiz